00663nam a2200241Ia 4500008004100000020001800041050001400059100001600073245001600089245001900105260001900124260003000143260000900173300001600182300002000198300001000218650001900228650001300247650002000260700001100280999001900291952011100310181129s9999 xx 000 0 und d a9780544340633 bL921 1993 aLowry, Lois 4aThe giver / 0cby Lois Lowry. aNew York, NY : bHughton Mifflin Harcourt, c1993 a171 pages : billustrations ; c20cm. aIndividuality. aLiberty. aSocial control. aTitle. c360131d360131 001040aSSISMbSSISMcSSISMd2018-11-29l0oFIC L921 1993pSSISM5925r2018-11-29 00:00:00w2018-11-29yBK